| 000 -LEADER |
| fixed length control field |
00535nam a2200193 4500 |
| 020 ## - INTERNATIONAL STANDARD BOOK NUMBER |
| ISBN |
9789390790050 |
| 082 ## - DEWEY DECIMAL CLASSIFICATION NUMBER |
| Classification number |
M 894.812 |
| Item number |
BEE/M |
| 100 ## - MAIN ENTRY--AUTHOR NAME |
| Personal name |
Beena K |
| 245 ## - TITLE STATEMENT |
| Title |
Malayalam pareekshasahayi/ |
| Statement of responsibility, etc |
by Beena K |
| 250 ## - EDITION STATEMENT |
| Edition statement |
3rd ed. |
| 260 ## - PUBLICATION, DISTRIBUTION, ETC. (IMPRINT) |
| Place of publication |
Kozhikode: |
| Name of publisher |
Atma books, |
| Year of publication |
2021. |
| 300 ## - PHYSICAL DESCRIPTION |
| Number of Pages |
640p. |
| 650 ## - SUBJECT ADDED ENTRY--TOPICAL TERM |
| Topical Term |
Malayalam language literature |
| 650 ## - SUBJECT ADDED ENTRY--TOPICAL TERM |
| Topical Term |
South Dravidian languages |
| 650 ## - SUBJECT ADDED ENTRY--TOPICAL TERM |
| Topical Term |
Dravidian literatures |
| 650 ## - SUBJECT ADDED ENTRY--TOPICAL TERM |
| Topical Term |
Literatures of Altaic, Uralic, and Dravidian languages |
| 650 ## - SUBJECT ADDED ENTRY--TOPICAL TERM |
| Topical Term |
Literature |
| 942 ## - ADDED ENTRY ELEMENTS (KOHA) |
| Koha item type |
Book |